| 000 | 00478nam a2200169Ia 4500 | ||
|---|---|---|---|
| 005 | 20250508160436.0 | ||
| 008 | 008 250505s9999 xx 000 0 eng d | ||
| 037 | _aBooks to be hide in OPAC | ||
| 040 |
_aFEDL _beng _cFEDL |
||
| 041 |
_aeng _2eng |
||
| 084 |
_a351, ALA/O _qFEDL |
||
| 245 | 0 | _aCivil service and libraries | |
| 260 |
_aChicago, USA _bAmerican Library Assoication _c1947 |
||
| 300 | _a39p. | ||
| 942 |
_cHB _h351, ALA/O |
||
| 999 |
_c1364630 _d1364630 |
||